[Event "Bad Sooden-Allendorf Seniors op 16th"]
[Site "Bad Sooden-Allendorf"]
[Date "2004.04.25"]
[Round "4"]
[White "Grueneschild, Hildegard"]
[Black "Boettcher, Horst"]
[Result "1-0"]
[WhiteElo "1462"]
[BlackElo "1622"]
[PlyCount "84"]
[EventDate "2004.04.22"]
[EventType "swiss"]
[EventRounds "9"]
[EventCountry "GER"]
[SourceTitle "EXT 2006"]
[Source "ChessBase"]
[SourceDate "2005.11.24"]
[SourceVersion "1"]
[SourceVersionDate "2005.11.24"]
[SourceQuality "1"]

1. c4 Nf6 2. Nc3 d6 3. g3 Bd7 4. Bg2 Bc6 5. Nf3 e6 6. d3 Be7 7. e4 Nbd7 8. 0-0 h6 9. Nd4 Nb8 10. Nxc6 Nxc6 11. h3 0-0 12. Be3 a6 13. a3 Nh7 14. Qd2 Bf6 15. d4 Na5 16. Qd3 Rc8 17. b4 Nc6 18. Rad1 e5 19. d5 Qd7 20. dxc6 bxc6 21. c5 Be7 22. cxd6 Bxd6 23. Bc5 Rfd8 24. Qc4 Ng5 25. g4 h5 26. Bxd6 cxd6 27. Qe2 hxg4 28. hxg4 f6 29. Na4 Qe6 30. Nb6 Rb8 31. Nc4 Kf7 32. Na5 Rbc8 33. f4 exf4 34. Rxf4 Rh8 35. Qd3 Qe5 36. Rdf1 Rh4 37. Nc4 Qe6 38. Nxd6+ Ke7 39. Nxc8+ Qxc8 40. Qg3 Rh6 41. Rf5 Qd7 42. Qe3 Kf8 1-0

[Event "Kurpfalz Seniors op 08th"]
[Site "Ludwigshafen"]
[Date "2002.09.09"]
[Round "2"]
[White "Boettcher, Horst"]
[Black "Mueller, Waldemar"]
[Result "0-1"]
[WhiteElo "1580"]
[BlackElo "2069"]
[PlyCount "96"]
[EventDate "2002.09.08"]
[EventType "swiss"]
[EventRounds "7"]
[EventCountry "GER"]
[SourceTitle "EXT 2007"]
[Source "ChessBase"]
[SourceDate "2006.11.23"]
[SourceVersion "1"]
[SourceVersionDate "2006.11.23"]
[SourceQuality "1"]

1. e4 e6 2. Nf3 d5 3. exd5 exd5 4. d4 Nf6 5. Bg5 Bd6 6. h3 0-0 7. Bd3 Re8+ 8. Be2 Qe7 9. a3 Nbd7 10. Nc3 c6 11. 0-0 h6 12. Bxf6 Nxf6 13. Bd3 Be6 14. Re1 Bc7 15. Ne5 Qd6 16. f4 Rad8 17. Qf3 Ne4 18. f5 Bc8 19. Re2 f6 20. Ng4 h5 21. Bxe4 dxe4 22. Nxe4 Qxd4+ 23. Ngf2 Re5 24. c3 Qd7 25. g4 Qe7 26. Nd3 Red5 27. Nef2 Qd6 28. Rae1 Qf8 29. c4 Rd4 30. Re7 Bd6 31. R7e4 Rxe4 32. Rxe4 c5 33. Re2 Qf7 34. b3 b5 35. Ne4 Bb7 36. Qe3 bxc4 37. Nxd6 Rxd6 38. Nxc5 Bc6 39. bxc4 Qxc4 40. Ne4 Rd3 41. Qf4 Qd4+ 42. Kh2 Rd1 43. Kg3 hxg4 44. Kxg4 Kh7 45. Re3 Bd7 46. Ng3 Qc5 47. Kh4 Rd5 48. Qg4 Qxe3 0-1

[Event "Niedersachsen-ch Seniors 34th"]
[Site "Wingst"]
[Date "2000.04.??"]
[Round "7"]
[White "Assmann, Robert"]
[Black "Boettcher, Horst"]
[Result "1-0"]
[WhiteElo "1905"]
[BlackElo "1661"]
[PlyCount "80"]
[EventDate "2000.04.??"]
[EventType "swiss"]
[EventRounds "9"]
[EventCountry "GER"]
[SourceTitle "EXT 2006"]
[Source "ChessBase"]
[SourceDate "2005.11.24"]
[SourceVersion "1"]
[SourceVersionDate "2005.11.24"]
[SourceQuality "1"]

1. e4 e5 2. Nf3 Nc6 3. Bb5 a6 4. Ba4 Nf6 5. Qe2 d6 6. c3 b5 7. Bc2 Be7 8. a4 b4 9. a5 Bg4 10. Ba4 Bd7 11. Qc4 Nb8 12. Qxb4 0-0 13. Bxd7 Nbxd7 14. Qc4 Nc5 15. d3 c6 16. d4 exd4 17. Nxd4 d5 18. Qe2 dxe4 19. 0-0 Qd7 20. Bg5 Rfe8 21. Qc4 Ng4 22. Bxe7 Qxe7 23. b4 Nd3 24. h3 Nge5 25. Qa2 Qg5 26. Nd2 e3 27. f4 Nxf4 28. Ne4 Nxh3+ 29. Kh2 Ng4+ 30. Kxh3 Qh5+ 31. Kg3 Rxe4 32. Rh1 Qe5+ 33. Kf3 Qf4+ 34. Ke2 Qf2+ 35. Kd3 Rae8 36. Rhf1 Qxa2 37. Rxa2 e2 38. Rxe2 Rxe2 39. Nxe2 Rd8+ 40. Nd4 g6 1-0